[Event "Cochabamba GP op 4th"]
[Site "Cochabamba"]
[Date "2023.09.07"]
[Round "2"]
[White "Salas, Javier"]
[Black "Velasquez Nava, Raquel"]
[Result "0-1"]
[WhiteElo "1702"]
[BlackElo "1410"]
[PlyCount "100"]
[EventDate "2023.09.07"]
[EventType "swiss"]
[EventRounds "7"]
[EventCountry "BOL"]
[SourceTitle "EXT 2024"]
[Source "ChessBase"]
[SourceDate "2023.10.10"]
[SourceVersion "1"]
[SourceVersionDate "2023.10.10"]
[SourceQuality "1"]

1. e4 e6 2. d4 d5 3. Nc3 dxe4 4. Nxe4 Nd7 5. Nf3 Be7 6. c4 Ngf6 7. Bd3 c5 8. Nfd2 cxd4 9. 0-0 0-0 10. b3 Re8 11. Bb2 Nc5 12. Nxf6+ Bxf6 13. Bxh7+ Kxh7 14. Qh5+ Kg8 15. Qxc5 b6 16. Qh5 Bb7 17. Rfe1 g6 18. Qh3 Kg7 19. Ne4 Bxe4 20. Rxe4 Qd6 21. Rd1 e5 22. Bc1 Rh8 23. Qg3 Rh5 24. Rdxd4 Qxd4 25. Rxd4 exd4 26. Qd3 Rd8 27. Bf4 Ra5 28. a4 Rf5 29. Bg3 Be7 30. h3 Bb4 31. Bh4 Rd7 32. g4 Re5 33. Bg3 Re1+ 34. Kg2 Bc3 35. g5 Rde7 36. h4 R1e2 37. Qf3 R7e6 38. h5 gxh5 39. Qxh5 d3 40. Qf3 R6e3 41. Qh5 d2 42. Qh6+ Kg8 43. g6 fxg6 44. Qxg6+ Bg7 45. Qd6 Rxg3+ 46. Kh2 Be5 47. Qe6+ Kg7 48. Qe7+ Kh6 49. Qh4+ Kg6 50. Qd8 Rd3+ 0-1

[Event "La Paz GP op 3rd"]
[Site "La Paz"]
[Date "2023.08.17"]
[Round "1"]
[White "Salas, Javier"]
[Black "Cuentas Molina, Adrian"]
[Result "1/2-1/2"]
[WhiteElo "1746"]
[BlackElo "1214"]
[PlyCount "69"]
[EventDate "2023.08.17"]
[EventType "swiss"]
[EventRounds "7"]
[EventCountry "BOL"]
[SourceTitle "EXT 2024"]
[Source "ChessBase"]
[SourceDate "2023.10.10"]
[SourceVersion "1"]
[SourceVersionDate "2023.10.10"]
[SourceQuality "1"]

1. e4 c5 2. Nf3 Nc6 3. d4 cxd4 4. Nxd4 e5 5. Nb5 d6 6. N1c3 a6 7. Na3 Be7 8. Nd5 Nf6 9. Nxf6+ Bxf6 10. c3 0-0 11. Nc4 Be7 12. Ne3 Bg5 13. Bc4 Be6 14. Bd5 Bxd5 15. Qxd5 Qc7 16. Nf5 Bxc1 17. Rxc1 Nb4 18. Qd2 Nc6 19. Qxd6 Qb6 20. Ne7+ Kh8 21. Nxc6 bxc6 22. b3 f5 23. exf5 Rxf5 24. 0-0 Raf8 25. Rc2 R8f6 26. Qd7 e4 27. Qe8+ Rf8 28. Qxe4 Qb5 29. c4 Qc5 30. Re2 h6 31. h3 Qd6 32. Rfe1 Rf4 33. Qe5 Qxe5 34. Rxe5 Rxf2 35. Ra5 1/2-1/2

[Event "La Paz Casa Argentina op"]
[Site "La Paz"]
[Date "2023.07.09"]
[Round "7"]
[White "Parodi Lenarduzzi, Leon"]
[Black "Salas, Javier"]
[Result "0-1"]
[WhiteElo "1428"]
[BlackElo "1733"]
[PlyCount "62"]
[EventDate "2023.07.06"]
[EventType "swiss"]
[EventRounds "7"]
[EventCountry "BOL"]
[SourceTitle "CBM 215 Extra"]
[Source "ChessBase"]
[SourceDate "2023.09.30"]
[SourceVersion "1"]
[SourceVersionDate "2023.09.30"]
[SourceQuality "1"]

1. d4 d5 2. Nf3 c5 3. dxc5 e6 4. e4 Bxc5 5. Nc3 d4 6. Na4 Qa5+ 7. c3 dxc3 8. Nxc3 Ne7 9. Bd3 0-0 10. 0-0 Nbc6 11. Bf4 Ng6 12. Bd2 Qd8 13. Qe2 Nce5 14. Nxe5 Nxe5 15. Bc2 Qh4 16. h3 Bd7 17. Kh2 Bc6 18. g3 Qe7 19. Qh5 f6 20. Bb3 Rad8 21. Rad1 Rd3 22. f4 Rfd8 23. Bc1 Rxd1 24. Rxd1 Nd3 25. Nd5 exd5 26. exd5 Kh8 27. Rxd3 Qe1 28. Qd1 Qf2+ 29. Kh1 Re8 30. Bd2 Re2 31. Qg1 Qxg1# 0-1

[Event "La Paz Casa Argentina op"]
[Site "La Paz"]
[Date "2023.07.06"]
[Round "1"]
[White "Salas, Javier"]
[Black "Tola Gutierrez, Caroline Xiomara"]
[Result "1-0"]
[WhiteElo "1733"]
[BlackElo "1101"]
[PlyCount "91"]
[EventDate "2023.07.06"]
[EventType "swiss"]
[EventRounds "7"]
[EventCountry "BOL"]
[SourceTitle "CBM 215 Extra"]
[Source "ChessBase"]
[SourceDate "2023.09.30"]
[SourceVersion "1"]
[SourceVersionDate "2023.09.30"]
[SourceQuality "1"]

1. e4 e5 2. f4 d6 3. Nf3 Nc6 4. Nc3 g6 5. Bb5 Bg7 6. d3 a6 7. Ba4 Bd7 8. 0-0 Nf6 9. a3 0-0 10. Bb3 Bg4 11. Ne2 Be6 12. c4 b5 13. cxb5 axb5 14. Bxe6 fxe6 15. Qb3 Qd7 16. Ng5 d5 17. f5 Nd8 18. fxg6 hxg6 19. Nc3 c6 20. Qd1 b4 21. Ne2 Nf7 22. Ng3 bxa3 23. bxa3 dxe4 24. dxe4 Qxd1 25. Rxd1 Nxg5 26. Bxg5 Ra4 27. Rac1 Rc8 28. Rd6 Nxe4 29. Nxe4 Rxe4 30. Rxe6 Rg4 31. h4 Kh7 32. Rcxc6 Rxc6 33. Rxc6 Bh6 34. Rc7+ Bg7 35. Bf6 e4 36. Rxg7+ Kh6 37. Re7 Rg3 38. a4 Ra3 39. Rxe4 Kh5 40. g4+ Kh6 41. Kg2 Ra2+ 42. Kg3 Rc2 43. Re8 Rc7 44. g5+ Kh5 45. Rh8+ Rh7 46. Rxh7# 1-0

[Event "BOL-ch Seniors"]
[Site "Santa Cruz"]
[Date "2023.03.26"]
[Round "6"]
[White "Foronda, Ernesto"]
[Black "Salas, Javier"]
[Result "0-1"]
[WhiteElo "1533"]
[BlackElo "1748"]
[PlyCount "46"]
[EventDate "2023.03.24"]
[EventType "swiss"]
[EventRounds "7"]
[EventCountry "BOL"]
[SourceTitle "CBM 213 Extra"]
[Source "ChessBase"]
[SourceDate "2023.05.31"]
[SourceVersion "1"]
[SourceVersionDate "2023.05.31"]
[SourceQuality "1"]

1. d4 d5 2. Nf3 c5 3. e3 Nc6 4. c3 e6 5. Bd3 f5 6. Nbd2 Nf6 7. 0-0 Bd6 8. h3 0-0 9. Re1 Rb8 10. Nh2 Bd7 11. f4 Be8 12. Ndf1 c4 13. Bc2 b5 14. a3 Ne4 15. Nf3 Bh5 16. N1h2 Rf6 17. g4 Rg6 18. g5 Nxg5 19. fxg5 Rxg5+ 20. Kh1 Rg3 21. Rf1 Rxh3 22. Rf2 Bxf3+ 23. Rxf3 Rxh2+ 0-1

[Event "BOL-ch Seniors"]
[Site "Santa Cruz"]
[Date "2023.03.25"]
[Round "4"]
[White "Salas, Javier"]
[Black "Campero, Ronald"]
[Result "0-1"]
[WhiteElo "1748"]
[BlackElo "2082"]
[PlyCount "68"]
[EventDate "2023.03.24"]
[EventType "swiss"]
[EventRounds "7"]
[EventCountry "BOL"]
[SourceTitle "CBM 213 Extra"]
[Source "ChessBase"]
[SourceDate "2023.05.31"]
[SourceVersion "1"]
[SourceVersionDate "2023.05.31"]
[SourceQuality "1"]

1. e4 c5 2. Nf3 d6 3. d4 cxd4 4. Nxd4 Nf6 5. Nc3 g6 6. Be3 Bg7 7. f3 Nc6 8. Bc4 0-0 9. Qd2 Bd7 10. 0-0-0 Rb8 11. h4 Na5 12. Bb3 b5 13. Kb1 Nc4 14. Qc1 Nxe3 15. Qxe3 Qb6 16. Nd5 Nxd5 17. Bxd5 e6 18. Bb3 a5 19. c3 a4 20. Bc2 e5 21. Nf5 gxf5 22. Qg5 f4 23. Qe7 Be6 24. Rxd6 Qb7 25. Qxb7 Rxb7 26. a3 Rd7 27. Rhd1 Rfd8 28. Rxd7 Rxd7 29. Kc1 Rxd1+ 30. Bxd1 Kf8 31. Be2 Bc4 32. Kd2 Ke7 33. Bd3 h5 34. Ke2 Bf6 0-1

[Event "Oruro op 4th"]
[Site "Oruro"]
[Date "2023.02.11"]
[Round "6"]
[White "Salas, Javier"]
[Black "Claure Verastegui, Rene David"]
[Result "0-1"]
[WhiteElo "1760"]
[BlackElo "1808"]
[PlyCount "72"]
[EventDate "2023.02.09"]
[EventType "swiss"]
[EventRounds "7"]
[EventCountry "BOL"]
[SourceTitle "CBM 213 Extra"]
[Source "ChessBase"]
[SourceDate "2023.05.31"]
[SourceVersion "1"]
[SourceVersionDate "2023.05.31"]
[SourceQuality "1"]

1. e4 c5 2. Nf3 d6 3. d4 cxd4 4. Nxd4 Nf6 5. Nc3 a6 6. f3 e5 7. Nb3 Be7 8. Be3 Be6 9. Qd2 h5 10. 0-0-0 Nbd7 11. Be2 Rc8 12. Rhg1 b5 13. h3 h4 14. g4 hxg3 15. Rxg3 Nh5 16. Rgg1 Qc7 17. f4 exf4 18. Bd4 Nhf6 19. Bd3 Ne5 20. Rxg7 Bf8 21. Bxe5 dxe5 22. Rgg1 Bxb3 23. axb3 Bc5 24. Kb1 Bxg1 25. Rxg1 Rd8 26. Qg2 Rg8 27. Qf2 Rxg1+ 28. Qxg1 b4 29. Na2 Qd6 30. Qa7 Rd7 31. Qa8+ Ke7 32. Bxa6 Qb6 33. Qc8 Rd1+ 34. Nc1 Rxc1+ 35. Kxc1 Qg1+ 36. Kd2 Nxe4+ 0-1

[Event "Oruro op 4th"]
[Site "Oruro"]
[Date "2023.02.11"]
[Round "5"]
[White "Yepez Montenegro, Gloria Luz"]
[Black "Salas, Javier"]
[Result "0-1"]
[WhiteElo "1581"]
[BlackElo "1760"]
[PlyCount "104"]
[EventDate "2023.02.09"]
[EventType "swiss"]
[EventRounds "7"]
[EventCountry "BOL"]
[SourceTitle "CBM 213 Extra"]
[Source "ChessBase"]
[SourceDate "2023.05.31"]
[SourceVersion "1"]
[SourceVersionDate "2023.05.31"]
[SourceQuality "1"]

1. d4 d5 2. Nf3 e6 3. e3 f5 4. c4 Nf6 5. Nc3 Be7 6. Bd2 0-0 7. Be2 Ne4 8. Rc1 c6 9. a3 Nd7 10. cxd5 exd5 11. b4 a6 12. Qb3 Bd6 13. a4 Kh8 14. Bd3 Ndf6 15. Ne2 Ng4 16. 0-0 Nxd2 17. Nxd2 Bxh2+ 18. Kh1 Qh4 19. Nf3 Qh6 20. g3 Bxg3+ 21. Kg2 Bh4 22. Rh1 g5 23. Ng3 Qf6 24. Bb1 Rf7 25. Rce1 Qd6 26. Nxh4 gxh4 27. Rxh4 Bd7 28. Reh1 Rg8 29. R4h3 Rgg7 30. Qd3 Qe6 31. Kf1 Kg8 32. Nh5 Rg5 33. Nf4 Qe4 34. Qd1 Qe7 35. Qd2 Nf6 36. f3 Rfg7 37. Bc2 Be8 38. Bd1 Nd7 39. a5 Nf8 40. R3h2 Ne6 41. Nd3 Qf6 42. f4 Rg3 43. Ne5 Nf8 44. Qf2 Qe7 45. Bc2 Qxb4 46. Bxf5 Qb5+ 47. Bd3 Qxa5 48. Qc2 Rxe3 49. Bxh7+ Nxh7 50. Kf2 Re4 51. Qd1 Qa2+ 52. Kf3 Qa3+ 0-1

[Event "Oruro op 4th"]
[Site "Oruro"]
[Date "2023.02.10"]
[Round "3"]
[White "Titichoca Daza, Daniel Henry"]
[Black "Salas, Javier"]
[Result "1-0"]
[WhiteElo "2185"]
[BlackElo "1760"]
[PlyCount "73"]
[EventDate "2023.02.09"]
[EventType "swiss"]
[EventRounds "7"]
[EventCountry "BOL"]
[SourceTitle "CBM 213 Extra"]
[Source "ChessBase"]
[SourceDate "2023.05.31"]
[SourceVersion "1"]
[SourceVersionDate "2023.05.31"]
[SourceQuality "1"]

1. c4 e5 2. Nc3 Nc6 3. Nf3 f5 4. g3 Nf6 5. d4 e4 6. Nh4 g6 7. Bg5 Bg7 8. Ng2 h6 9. Bxf6 Bxf6 10. e3 Ne7 11. Nf4 c6 12. h4 d6 13. Qb3 Qb6 14. Qa3 Qc7 15. 0-0-0 Bd7 16. Kb1 b6 17. d5 c5 18. Ne6 Bxe6 19. Nb5 Qb8 20. dxe6 Be5 21. Qa6 0-0 22. Be2 Rf6 23. f4 exf3 24. Bxf3 Bxg3 25. h5 g5 26. Ka1 d5 27. Bxd5 Nxd5 28. cxd5 Bd6 29. Rhf1 Kf8 30. Nxd6 Qxd6 31. Qb7 Rd8 32. Qh7 Qe5 33. Qh8+ Ke7 34. Qg7+ Ke8 35. d6 Qxe6 36. d7+ Rxd7 37. Rxd7 1-0

[Event "La Paz op"]
[Site "La Paz"]
[Date "2022.09.17"]
[Round "6"]
[White "Colque, Aracely"]
[Black "Salas, Javier"]
[Result "0-1"]
[WhiteElo "1582"]
[BlackElo "1754"]
[PlyCount "108"]
[EventDate "2022.09.15"]
[EventType "swiss"]
[EventRounds "7"]
[EventCountry "BOL"]
[SourceTitle "EXT 2023"]
[Source "ChessBase"]
[SourceDate "2022.10.05"]
[SourceVersion "1"]
[SourceVersionDate "2022.10.05"]
[SourceQuality "1"]

1. Nf3 c5 2. c4 e6 3. g3 d5 4. b3 d4 5. Bg2 Nc6 6. 0-0 e5 7. d3 Nf6 8. e3 Bg4 9. h3 Bh5 10. a3 Be7 11. Qc2 Bg6 12. e4 0-0 13. Nh2 Nh5 14. g4 Nf4 15. Bxf4 exf4 16. Nd2 Ne5 17. Ndf3 f6 18. Qd2 Bd6 19. Rab1 Rb8 20. b4 b6 21. Rb3 Bf7 22. Rfb1 Qc7 23. Nh4 g6 24. N2f3 Nc6 25. Bf1 Be6 26. bxc5 bxc5 27. Rxb8 Rxb8 28. Rxb8+ Qxb8 29. Be2 Qb3 30. Qc1 Bc7 31. Ng2 g5 32. Nd2 Qa2 33. Bd1 Na5 34. h4 h6 35. h5 Bd7 36. Ne1 f3 37. Nexf3 Bxg4 38. Nxg5 Bxd1 39. Ne6 Qc2 40. Qxc2 Bxc2 41. Nxc7 Bxd3 42. Ne6 Nxc4 43. Nxc4 Bxc4 44. Nxc5 d3 45. Nxd3 Bxd3 46. f3 Kf7 47. Kf2 Ke6 48. Ke3 Bb5 49. Kf4 Be8 50. Kg4 Ke5 51. Kg3 Bxh5 52. a4 a5 53. f4+ Kxe4 54. Kh4 Be8 0-1

[Event "La Paz op"]
[Site "La Paz"]
[Date "2022.09.16"]
[Round "4"]
[White "Coronel, Carlos"]
[Black "Salas, Javier"]
[Result "1/2-1/2"]
[WhiteElo "1611"]
[BlackElo "1754"]
[PlyCount "56"]
[EventDate "2022.09.15"]
[EventType "swiss"]
[EventRounds "7"]
[EventCountry "BOL"]
[SourceTitle "EXT 2023"]
[Source "ChessBase"]
[SourceDate "2022.10.05"]
[SourceVersion "1"]
[SourceVersionDate "2022.10.05"]
[SourceQuality "1"]

1. d4 d5 2. Bf4 e6 3. e3 Bd6 4. Bd3 Bxf4 5. exf4 Nf6 6. c3 0-0 7. Nd2 Qd6 8. g3 b6 9. Ngf3 Ba6 10. Qe2 Bxd3 11. Qxd3 c5 12. 0-0 Nc6 13. Rfe1 cxd4 14. cxd4 Nxd4 15. Qxd4 Rfc8 16. Rad1 b5 17. Ne4 Nxe4 18. Rxe4 Rc4 19. Qd3 Qa6 20. Rxc4 bxc4 21. Qb1 g6 22. a3 Rb8 23. Qc2 Qb5 24. Rd2 Kg7 25. h3 h5 26. Re2 Qb3 27. Qxb3 Rxb3 28. Rd2 Kf6 1/2-1/2

[Event "La Paz Tricolor op"]
[Site "La Paz"]
[Date "2021.08.08"]
[Round "6"]
[White "Salas, Javier"]
[Black "Aramayo Karageorge, Daniel"]
[Result "1-0"]
[WhiteElo "1785"]
[BlackElo "1404"]
[PlyCount "57"]
[EventDate "2021.08.06"]
[EventType "swiss"]
[EventRounds "6"]
[EventCountry "BOL"]
[SourceTitle "EXT 2022"]
[Source "ChessBase"]
[SourceDate "2021.10.06"]
[SourceVersion "1"]
[SourceVersionDate "2021.10.06"]
[SourceQuality "1"]

1. e4 c5 2. Nf3 e6 3. d4 cxd4 4. Nxd4 a6 5. Bd3 Nf6 6. 0-0 Qc7 7. Kh1 b5 8. f4 d6 9. a4 b4 10. Bd2 a5 11. Nb5 Qd8 12. e5 Nd5 13. c4 Nc7 14. Qf3 Ra6 15. Nxc7+ Qxc7 16. c5 dxc5 17. Bxa6 Bxa6 18. Rd1 Bb7 19. Qg3 Nc6 20. Be3 Ne7 21. Nd2 Nf5 22. Qf2 h5 23. Nc4 h4 24. h3 Rh6 25. Rf1 Bd5 26. Nd2 Rg6 27. Nf3 Qc6 28. Kh2 Rg3 29. Nxh4 1-0

[Event "La Paz Tricolor op"]
[Site "La Paz"]
[Date "2021.08.07"]
[Round "4"]
[White "Jauregui, Alvaro"]
[Black "Salas, Javier"]
[Result "0-1"]
[WhiteElo "1470"]
[BlackElo "1785"]
[PlyCount "48"]
[EventDate "2021.08.06"]
[EventType "swiss"]
[EventRounds "6"]
[EventCountry "BOL"]
[SourceTitle "EXT 2022"]
[Source "ChessBase"]
[SourceDate "2021.10.06"]
[SourceVersion "1"]
[SourceVersionDate "2021.10.06"]
[SourceQuality "1"]

1. d4 d5 2. Bf4 e6 3. Nf3 c5 4. e3 Nc6 5. c3 f5 6. Bd3 Nf6 7. Nbd2 Bd6 8. Ne5 Bxe5 9. dxe5 Nd7 10. Qh5+ g6 11. Qh6 Ndxe5 12. Bxe5 Nxe5 13. Bb5+ Kf7 14. 0-0-0 Bd7 15. Bxd7 Qxd7 16. Nf3 Nxf3 17. gxf3 Qe7 18. e4 d4 19. cxd4 cxd4 20. Rxd4 Qc5+ 21. Kb1 Qxd4 22. exf5 exf5 23. Rc1 Rac8 24. Rxc8 Rxc8 0-1

[Event "La Paz Adalp op"]
[Site "La Paz"]
[Date "2020.02.11"]
[Round "7"]
[White "Jauregui, Alvaro"]
[Black "Salas, Javier"]
[Result "0-1"]
[WhiteElo "1527"]
[BlackElo "1806"]
[PlyCount "84"]
[EventDate "2020.02.07"]
[EventType "swiss"]
[EventRounds "9"]
[EventCountry "BOL"]
[SourceTitle "CBM 195 Extra"]
[Source "ChessBase"]
[SourceDate "2020.05.31"]
[SourceVersion "1"]
[SourceVersionDate "2020.05.31"]
[SourceQuality "1"]

1. d4 d5 2. e3 e6 3. f4 f5 4. Nf3 Nf6 5. Bd3 c5 6. c3 Nc6 7. 0-0 Bd6 8. Nbd2 b6 9. Ne5 Bd7 10. a4 0-0 11. Ndf3 c4 12. Bc2 a6 13. Bd2 Qe7 14. Ng5 Bxe5 15. dxe5 Ne4 16. Bxe4 fxe4 17. Qh5 h6 18. Nh3 Be8 19. Qe2 Na5 20. Ra3 Nb3 21. Be1 Nc5 22. g4 Nd3 23. b4 a5 24. g5 h5 25. Kh1 g6 26. Qd2 axb4 27. cxb4 Rxa4 28. Rxa4 Bxa4 29. Nf2 Rc8 30. Qa2 b5 31. Bc3 Nxb4 32. Qa3 Nc6 33. Qd6 Qxd6 34. exd6 Rd8 35. Be5 Nb4 36. Nd1 Bxd1 37. Rxd1 Nd3 38. Ra1 Nxe5 39. fxe5 b4 40. Kg1 b3 41. Kf1 b2 42. Rb1 c3 0-1

[Event "La Paz Adalp op"]
[Site "La Paz"]
[Date "2020.02.10"]
[Round "6"]
[White "Salas, Javier"]
[Black "Mamani, Anahi"]
[Result "0-1"]
[WhiteElo "1806"]
[BlackElo "1818"]
[PlyCount "60"]
[EventDate "2020.02.07"]
[EventType "swiss"]
[EventRounds "9"]
[EventCountry "BOL"]
[SourceTitle "CBM 195 Extra"]
[Source "ChessBase"]
[SourceDate "2020.05.31"]
[SourceVersion "1"]
[SourceVersionDate "2020.05.31"]
[SourceQuality "1"]

1. e4 c5 2. Nf3 Nc6 3. d4 cxd4 4. Nxd4 Nf6 5. Nxc6 bxc6 6. Bd3 g6 7. c4 Bg7 8. 0-0 d6 9. Nc3 0-0 10. Kh1 Rb8 11. Rb1 Ng4 12. Bd2 Bd4 13. Be1 e5 14. Be2 h5 15. Bxg4 Bxg4 16. f3 Be6 17. b3 f5 18. Ne2 Bb6 19. Nc3 fxe4 20. Nxe4 Bf5 21. Qe2 d5 22. Rd1 Bxe4 23. fxe4 Rxf1+ 24. Qxf1 Qf8 25. Bg3 Qxf1+ 26. Rxf1 dxe4 27. Bxe5 Re8 28. Bc3 e3 29. Rf6 e2 30. Be1 Ba5 0-1

[Event "La Paz Adalp op"]
[Site "La Paz"]
[Date "2020.02.09"]
[Round "4"]
[White "Coronel, Carlos"]
[Black "Salas, Javier"]
[Result "0-1"]
[WhiteElo "1667"]
[BlackElo "1806"]
[PlyCount "121"]
[EventDate "2020.02.07"]
[EventType "swiss"]
[EventRounds "9"]
[EventCountry "BOL"]
[SourceTitle "CBM 195 Extra"]
[Source "ChessBase"]
[SourceDate "2020.05.31"]
[SourceVersion "1"]
[SourceVersionDate "2020.05.31"]
[SourceQuality "1"]

1. d4 d5 2. Bf4 e6 3. e3 Bd6 4. Bg3 f5 5. Nf3 Nf6 6. Nbd2 0-0 7. Ne5 Bxe5 8. Bxe5 Nbd7 9. Bg3 b6 10. h3 Qe7 11. Bb5 c5 12. c3 Bb7 13. 0-0 e5 14. Bxd7 Nxd7 15. Nf3 f4 16. exf4 exf4 17. Re1 Qd6 18. Bh2 Rae8 19. Qd2 Re4 20. Rad1 Qg6 21. Kh1 Qf5 22. b4 c4 23. Ng1 Rfe8 24. f3 Re3 25. Qc1 g5 26. Rxe3 Rxe3 27. Re1 Qd3 28. Rxe3 fxe3 29. Bg3 Qd2 30. Qe1 Nf6 31. h4 h6 32. hxg5 hxg5 33. f4 Qxe1 34. Bxe1 gxf4 35. g3 fxg3 36. Bxg3 Ne4 37. Be1 Bc8 38. Kg2 Bg4 39. Nh3 Bxh3+ 40. Kxh3 Kf7 41. Kg4 Ke6 42. Kf3 b5 43. Kxe3 Kf5 44. Kf3 a6 45. Ke2 Kf4 46. Kd1 Ke3 47. Kc2 Ke2 48. Bh4 Nf2 49. Bg5 Nd3 50. Bh4 Ne1+ 51. Kc1 Nf3 52. Bg3 Kd3 53. Kb2 Nd2 54. Be1 Ne4 55. a3 Nd2 56. Bg3 Nf1 57. Bf4 Ne3 58. Bd6 Nd1+ 59. Kc1 Nxc3 60. Be5 Ne2+ 61. Kb2 0-1

[Event "La Paz Adalp op"]
[Site "La Paz"]
[Date "2020.02.08"]
[Round "2"]
[White "Salas, Javier"]
[Black "Espinoza Romero, Andres"]
[Result "1-0"]
[WhiteElo "1806"]
[BlackElo "1664"]
[PlyCount "66"]
[EventDate "2020.02.07"]
[EventType "swiss"]
[EventRounds "9"]
[EventCountry "BOL"]
[SourceTitle "CBM 195 Extra"]
[Source "ChessBase"]
[SourceDate "2020.05.31"]
[SourceVersion "1"]
[SourceVersionDate "2020.05.31"]
[SourceQuality "1"]

1. e4 c5 2. Nc3 e6 3. f4 Qc7 4. g3 g6 5. Bg2 Ne7 6. e5 a6 7. Ne4 Nf5 8. Nf6+ Ke7 9. Nf3 Bg7 10. g4 Nd4 11. Nxd4 Bxf6 12. exf6+ Kxf6 13. Ne2 h5 14. b3 Ke7 15. Bb2 Rh7 16. g5 Nc6 17. 0-0 d5 18. Bf6+ Kd7 19. c4 d4 20. Ng3 h4 21. Ne4 h3 22. Nxc5+ Ke8 23. Bh1 Ne7 24. Ne4 Rh4 25. Be5 Qb6 26. d3 Nf5 27. Qf3 Bd7 28. Nf6+ Ke7 29. Nxd7 Kxd7 30. Qxb7+ Qxb7 31. Bxb7 Rd8 32. Bf3 Ne3 33. Rf2 Ke8 1-0

[Event "La Paz Clasification op 1st"]
[Site "La Paz"]
[Date "2018.02.04"]
[Round "8"]
[White "Salas, Javier"]
[Black "Aguilar Flores, Fidel"]
[Result "0-1"]
[WhiteElo "1906"]
[BlackElo "1645"]
[PlyCount "104"]
[EventDate "2018.02.01"]
[EventType "swiss"]
[EventRounds "8"]
[EventCountry "BOL"]
[SourceTitle "CBM 182 Extra"]
[Source "ChessBase"]
[SourceDate "2018.02.23"]
[SourceVersion "1"]
[SourceVersionDate "2018.02.23"]
[SourceQuality "1"]

1. e4 c5 2. Nf3 d6 3. d4 cxd4 4. Nxd4 Nf6 5. Nc3 g6 6. Be3 Bg7 7. f3 0-0 8. Bc4 Nc6 9. Qd2 Bd7 10. 0-0-0 Rc8 11. Bb3 Ne5 12. h4 h5 13. Rhe1 Nc4 14. Bxc4 Rxc4 15. Bg5 Ng4 16. Nb3 Ne5 17. f4 Rxc3 18. Qxc3 Nc6 19. e5 Bg4 20. Rxd6 Qxd6 21. exd6 Bxc3 22. bxc3 exd6 23. Bf6 Be6 24. Kb2 Re8 25. Nd4 Kf8 26. Nb5 d5 27. Nc7 Rc8 28. Nxe6+ fxe6 29. Rxe6 Kf7 30. Rd6 Na5 31. Rxd5 Nc4+ 32. Kb3 Kxf6 33. Rd7 a6 34. Kb4 b6 35. Rd4 Ne3 36. Rd6+ Kf5 37. g3 a5+ 38. Kb3 b5 39. Rd3 Ke4 40. a4 bxa4+ 41. Kxa4 Nxc2 42. Rd6 Rxc3 43. Kxa5 Rxg3 44. Rf6 Ne3 45. Kb5 Nf5 46. Kc5 Kxf4 47. Kd5 Rc3 48. Re6 Nxh4 49. Kd4 Re3 50. Rf6+ Nf5+ 51. Kd5 g5 52. Kc5 h4 0-1

[Event "La Paz Clasification op 1st"]
[Site "La Paz"]
[Date "2018.02.02"]
[Round "4"]
[White "Salas, Javier"]
[Black "Viquini Serrano, Juan De Dios"]
[Result "1-0"]
[WhiteElo "1906"]
[BlackElo "1546"]
[PlyCount "86"]
[EventDate "2018.02.01"]
[EventType "swiss"]
[EventRounds "8"]
[EventCountry "BOL"]
[SourceTitle "CBM 182 Extra"]
[Source "ChessBase"]
[SourceDate "2018.02.23"]
[SourceVersion "1"]
[SourceVersionDate "2018.02.23"]
[SourceQuality "1"]

1. e4 c5 2. Nf3 d6 3. d4 cxd4 4. Nxd4 Nf6 5. Nc3 g6 6. Be3 Bg7 7. f3 Nc6 8. Bc4 0-0 9. Qd2 Bd7 10. h4 Rc8 11. Bb3 h5 12. 0-0-0 Ne5 13. Bg5 Qa5 14. Rhe1 Nc4 15. Bxc4 Rxc4 16. Nb3 Qd8 17. e5 dxe5 18. Bxf6 Bxf6 19. Qxd7 Qb6 20. Nd5 Qc6 21. Qxc6 Rxc6 22. Nxf6+ exf6 23. Rd7 Rfc8 24. c3 R8c7 25. Red1 b6 26. Rd8+ Kg7 27. Re8 Rc8 28. Rxc8 Rxc8 29. Rd7 a5 30. Nd2 f5 31. a4 Rc6 32. Kc2 Kf6 33. b3 Ke6 34. Rd8 Ke7 35. Rd5 Ke6 36. c4 f6 37. Kd3 g5 38. g3 Rc8 39. Nf1 Rg8 40. Rb5 Rd8+ 41. Ke2 Rd6 42. Ne3 f4 43. gxf4 gxf4 1-0

[Event "La Paz Adalp Cup"]
[Site "La Paz"]
[Date "2017.03.16"]
[Round "11"]
[White "Maceda, Marcio"]
[Black "Salas, Javier"]
[Result "1-0"]
[WhiteElo "2037"]
[BlackElo "1949"]
[PlyCount "95"]
[EventDate "2017.02.20"]
[EventType "tourn"]
[EventRounds "11"]
[EventCountry "BOL"]
[SourceTitle "CBM 177 Extra"]
[Source "ChessBase"]
[SourceDate "2017.04.27"]
[SourceVersion "1"]
[SourceVersionDate "2017.04.27"]
[SourceQuality "1"]

1. e4 c5 2. Nf3 e6 3. d4 cxd4 4. Nxd4 a6 5. Bd3 Nf6 6. 0-0 Qc7 7. Qe2 d6 8. Nc3 b5 9. f4 Nbd7 10. a3 Bb7 11. g4 g6 12. Be3 h5 13. g5 Ng4 14. Ndxb5 axb5 15. Nxb5 Qb8 16. Bd4 e5 17. Bc3 Bc6 18. Rae1 Qb6+ 19. Kg2 Nc5 20. h3 Nxd3 21. cxd3 Bxb5 22. hxg4 Bg7 23. Rh1 0-0-0 24. gxh5 gxh5 25. a4 Bd7 26. f5 h4 27. Qd2 h3+ 28. Kh2 Rdg8 29. Ba5 Qd4 30. Rc1+ Kb8 31. Rc4 Qa7 32. Rc7 Qxc7 33. Bxc7+ Kxc7 34. Qa5+ Kb7 35. Qb4+ Ka7 36. Qxd6 Rb8 37. Qxd7+ Rb7 38. Qc6 Rxb2+ 39. Kg3 Rhb8 40. Qc7+ R8b7 41. Qc5+ Ka8 42. f6 Rg2+ 43. Kxh3 Rxg5 44. fxg7 f6 45. Qc8+ Ka7 46. g8Q Rxg8 47. Qxg8 Rb8 48. Qd5 1-0

[Event "La Paz Adalp Cup"]
[Site "La Paz"]
[Date "2017.03.15"]
[Round "10"]
[White "Salas, Javier"]
[Black "Medrano, Mario"]
[Result "0-1"]
[WhiteElo "1949"]
[BlackElo "2040"]
[PlyCount "98"]
[EventDate "2017.02.20"]
[EventType "tourn"]
[EventRounds "11"]
[EventCountry "BOL"]
[SourceTitle "CBM 177 Extra"]
[Source "ChessBase"]
[SourceDate "2017.04.27"]
[SourceVersion "1"]
[SourceVersionDate "2017.04.27"]
[SourceQuality "1"]

1. e4 d5 2. exd5 Qxd5 3. Nc3 Qd6 4. d4 Nf6 5. Bd3 a6 6. h3 Nbd7 7. Nf3 e6 8. Be3 b5 9. a4 b4 10. Ne4 Nxe4 11. Bxe4 Rb8 12. Ng5 Nf6 13. Qf3 h6 14. Bf4 Qe7 15. Bc6+ Bd7 16. Ne4 Nd5 17. Bxd7+ Qxd7 18. Be5 f6 19. Qh5+ Qf7 20. Qxf7+ Kxf7 21. Bg3 f5 22. Nd2 f4 23. Bh2 g5 24. Nc4 Bg7 25. 0-0-0 Nb6 26. Nxb6 Rxb6 27. g3 Rd6 28. gxf4 Rxd4 29. Rxd4 Bxd4 30. fxg5 hxg5 31. Bxc7 g4 32. h4 e5 33. Rh2 Rh5 34. Ba5 Rf5 35. Bxb4 Bxf2 36. Rg2 g3 37. Kd1 Rf4 38. Bc3 Ke6 39. a5 Rxh4 40. Ke2 Kf5 41. Bd2 Kg4 42. Rxf2 Rh2 43. Be3 gxf2 44. Bxf2 Kf4 45. c4 e4 46. Kf1 Kf3 47. Bb6 Rh1+ 48. Bg1 e3 49. c5 Rxg1+ 0-1